000 00788nam a2200229 a 4500
005 20220622063528.0
008 080219s2004 es r 000 0 spa d
020 _a8478447709
035 _aUPN01000154286
049 _aCG
050 4 _aPT5881.3 E4.5
_bC8.7
100 1 _aTellegen, Toon,
_d1941-
_939388
245 1 3 _aLa curación del grillo /
_cToon Tellegen ; tr. María Lerma ; il. de Jesús Aguado.
260 _aMadrid :
_bSiruela,
_c2004.
300 _a155 p. :
_bil.
440 4 _aLas tres edades.
_pDe 12 en adelante ;
_v110
534 _pTraducción de:
_tDe genezing van de krekel
586 _a"Premio Nacional a la mejor labor editotial cultural 2003"
650 4 _aLITERATURA INFANTIL HOLANDESA
_913664
650 0 _aAnimales
_vCuentos y leyendas
_9234
905 _aLibro
999 _c126403
_d126403